Réponses en B - Statistiques

Statistiques générales
  • Ce quiz a été pris 71 fois
  • Le résultat moyen est 7 sur 15
Statistiques - réponses
Hint Réponse % Correct
Événement majeur de la Révolution Française (Prise de la ________) Bastille
95%
Prénom du premier président noir des États Unis Barack
91%
Sport qui se joue avec des battes pour frapper une balle lancée, et des gants pour rattraper la balle Baseball
90%
Cinquième plus grand pays au monde Brésil
84%
Club de foot allemand basé à Munich Bayern Munich
81%
Pays dont la capitale est Ouagadougou Burkina Faso
60%
Oeuvre de ballet pour orchestre de Maurice Ravel Boléro
57%
Détroit qui sépare la Russie des États Unis (Alaska) Béring
53%
Premier ministre britannique de 1997 à 2007 Tony Blair
36%
L'une des résidences de la famille royale britannique en Écosse (Château de ________) Balmoral
16%
Roi de Belgique de 1951 à 1993, fils de Léopold III Baudouin
16%
Jeux-vidéo qui a gagné le titre de jeu de l'année (GOTY) 2023 Baldur's Gate III
14%
Femme politique pakistanaise, première femme à assumer la tête d'un pays musulman Benazir Bhutto
12%
Ancien nom de Bordeaux Burdigala
9%
Petit pain farci et cuit à la vapeur très populaire de la cuisine chinoise Baozi
2%
Aucun quiz correspondant
Distribution des résultats
% des personnes avec chaque résultat
Percentile par nombre de réponses
Votre historique - résultats
Vous n’avez pas pris ce quiz